000 00836nam a2200253Ia 4500
003 OSt
005 20220923225320.0
006 a|||||r|||| 00| 0
007 ta
008 220922b |||||||| |||| 00| 0 hin d
024 _a263,287
037 _cTextual
040 _aARTS
_cARTS
_bhin
041 _2hin
_ahin
082 _aV491:6.N80<-N78, M0
100 _aवोल्कोव, वाई
245 0 _aअफगानिस्तान
_b सच्चाई क्या है
246 _aAfagānistāna: sachchāī kyā hai
260 _aदिल्ली
_b नवयुग पब्लिशर्स
_c1980
300 _a167पृ.
_ccm.
650 _aविश्व-इतिहास
942 _hV491:6.N80<-N78, M0
_cTEXL
_2CC
999 _c377525
_d377525